[Event "POL-chT2"]
[Site "Jastrzebia Gora POL"]
[Date "2016.09.??"]
[Round "2.22"]
[White "Dlugosz, Jedrzej"]
[Black "Szymanski, Marcin"]
[Result "1/2-1/2"]
[WhiteElo "2363"]
[BlackElo "2398"]
[EventDate "2016.09.05"]

1.e4 e6 2.d4 d5 3.Nd2 Be7 4.Bd3 c5 5.dxc5 Nf6 6.Qe2 Nc6 7.Ngf3 Nb4 8.Nb3 
a5 9.Bb5+ Bd7 10.exd5 Nfxd5 11.Bxd7+ Qxd7 12.a3 Nc6 13.a4 O-O 14.O-O Qc7 
15.Re1 Rfc8 16.Bg5 Bf8 17.Bh4 Qf4 18.c3 Qg4 19.Bg3 Nce7 20.Ne5 Qxe2 21.
Rxe2 Nf5 22.Nd7 Nxg3 23.hxg3 Rc7 24.Nxf8 Kxf8 25.Rd1 Nf6 26.Red2 Ke7 27.
Rd6 Nd7 28.f3 h6 29.Kf2 Ke8 30.Nd4 Nxc5 31.Nb5 Re7 32.R6d4 Rb8 33.Nd6+ Kf8
34.Nc4 Nxa4 35.Ne5 Nb6 36.Rd6 Na4 37.Nd7+ Rxd7 38.Rxd7 Nxb2 39.Rb1 Na4 40.
Rbxb7 Rxb7 41.Rxb7 Nxc3 42.Rb3 Nd5 43.Ra3 h5 44.Rxa5 Ke7 45.Ra7+ Ke8 
1/2-1/2

[Event "POL-chT2"]
[Site "Jastrzebia Gora POL"]
[Date "2016.09.??"]
[Round "2.23"]
[White "Protaziuk, Grzegorz"]
[Black "Kanicki, Krzysztof"]
[Result "1/2-1/2"]
[WhiteElo "2349"]
[BlackElo "2172"]
[EventDate "2016.09.05"]

1.c4 c6 2.e4 d5 3.exd5 cxd5 4.cxd5 Nf6 5.Qa4+ Nbd7 6.Nc3 g6 7.Bc4 Bg7 8.d3
O-O 9.Nf3 a6 10.Qa3 b6 11.O-O Bb7 12.Be3 b5 13.Bb3 Nb6 14.Bxb6 Qxb6 15.
Qxe7 Rad8 16.Qe3 Qxe3 17.fxe3 Nxd5 18.Nxd5 Bxd5 19.Bxd5 Rxd5 20.d4 f5 21.
Rac1 f4 22.e4 Bxd4+ 23.Kh1 Rdd8 24.b3 Rfe8 25.Rc6 a5 26.Ng5 Rc8 27.Ra6 Bc3
28.Ra7 h6 29.Nf7 Bg7 30.Nd6 Ra8 31.Rxa8 Rxa8 32.Nxb5 Rd8 33.Kg1 Rd2 34.
Rxf4 Rxa2 35.Rf2 Ra1+ 36.Rf1 Ra2 37.Re1 a4 38.bxa4 Rxa4 39.Nd6 Be5 40.Nc8 
Kf7 41.Kf1 Bxh2 42.Nb6 Rd4 43.Kf2 Bd6 44.Kf3 Ke6 45.Rc1 Rd3+ 46.Ke2 Bf4 
47.Rc4 Rd2+ 48.Kf3 Be5 49.Nd5 Ra2 50.Rc6+ Kf7 51.Nb4 Ra3+ 52.Ke2 Ra7 53.
Nd3 Re7 54.Kf3 Bf6 55.Nf4 Ra7 56.Nd3 Ra3 57.Ke2 Ra2+ 58.Kf3 Ra3 59.Ke3 h5 
60.Rc5 Ke6 61.Rc6+ Kf7 62.Rd6 Ke7 63.Rd5 Ke6 64.Kf4 g5+ 65.Ke3 Kf7 66.e5 
Be7 67.Ke4 Ke6 68.Rb5 Ra4+ 69.Ke3 Ra2 70.Rb6+ Kf5 71.Rb7 Ke6 72.Rb6+ Kf5 
73.Rb7 1/2-1/2

[Event "POL-chT2"]
[Site "Jastrzebia Gora POL"]
[Date "2016.09.??"]
[Round "2.24"]
[White "Poznanska, Katarzyna"]
[Black "Szewczak, Anna"]
[Result "1-0"]
[WhiteElo "2106"]
[BlackElo "2083"]
[EventDate "2016.09.05"]

1.e4 c5 2.Nf3 e6 3.c4 Nc6 4.Nc3 d6 5.d4 cxd4 6.Nxd4 a6 7.Be2 Nf6 8.O-O Be7
9.Nc2 Qc7 10.f4 O-O 11.Be3 b6 12.Qe1 Bb7 13.Qf2 Bd8 14.Bf3 Ne7 15.Rac1 
Qxc4 16.Nd4 Qc7 17.Ncb5 Qd7 18.Nxd6 Qxd6 19.e5 Qb8 20.exf6 gxf6 21.Bxb7 
Qxb7 22.f5 exf5 23.Nxf5 Nxf5 24.Qxf5 Kh8 25.Rcd1 Rg8 26.g3 Qc8 27.Rd7 Qc4 
28.Bd4 Qe6 29.Rxd8 Rgxd8 30.Bxf6+ Kg8 31.Qg5+ Kf8 32.Bxd8 Qe4 33.Bf6 Ke8 
34.Qg8+ Kd7 35.Qxf7+ 1-0

[Event "POL-chT2"]
[Site "Jastrzebia Gora POL"]
[Date "2016.09.??"]
[Round "2.25"]
[White "Kolago, Marcin"]
[Black "Ponizil, Cyril"]
[Result "1/2-1/2"]
[WhiteElo "2328"]
[BlackElo "2462"]
[EventDate "2016.09.05"]

1.c4 Nf6 2.Nc3 g6 3.g3 Bg7 4.Bg2 O-O 5.e3 Nc6 6.Nge2 d6 7.O-O e5 8.Rb1 Be6
9.Nd5 Qd7 10.Re1 Bh3 11.Bh1 Ng4 12.d3 Nd8 13.b4 c6 14.Ndc3 f5 15.f3 Nh6 
16.d4 Qf7 17.d5 g5 18.dxc6 bxc6 19.Qxd6 Qxc4 20.b5 f4 21.bxc6 Nxc6 22.Qd5+
Be6 23.Qxc4 Bxc4 24.Bg2 Nf5 25.exf4 exf4 26.gxf4 gxf4 27.Bxf4 Nfd4 28.Bg3 
Nxf3+ 29.Bxf3 Rxf3 30.Nb5 Rd8 31.Nf4 Be5 32.Re4 Bxa2 33.Rc1 Rb3 34.Ne6 Re8
35.Nec7 Re7 36.Rxc6 Rb1+ 37.Re1 Rxe1+ 38.Bxe1 Bxc7 39.Rxc7 Rxe1+ 40.Kf2 
Rh1 41.Rxa7 Rxh2+ 42.Kg3 Rd2 43.Rc7 Be6 44.Nc3 Rd3+ 45.Kf4 h5 46.Ne4 Bf7 
47.Nf6+ 1/2-1/2

[Event "POL-chT2"]
[Site "Jastrzebia Gora POL"]
[Date "2016.09.??"]
[Round "2.26"]
[White "Piesik, Piotr"]
[Black "Wiewiora, Eneasz"]
[Result "1/2-1/2"]
[WhiteElo "2278"]
[BlackElo "2253"]
[EventDate "2016.09.05"]

1.Nf3 Nf6 2.g3 g6 3.Bg2 Bg7 4.O-O O-O 5.d4 d5 6.c4 dxc4 7.Na3 Nc6 8.Nxc4 
Be6 9.Nce5 Bd5 10.Bf4 Nxe5 11.Bxe5 c6 12.Qa4 Qb6 13.Qa3 Rfe8 14.Nd2 Bxg2 
15.Kxg2 Qb5 16.Rfe1 Nd7 17.Bxg7 Kxg7 18.Qb3 Qd5+ 19.Qxd5 cxd5 20.Rac1 Rac8
21.Nb1 e6 22.Nc3 Rc4 23.b3 Rxd4 24.Nb5 Rd2 25.Rc7 Ne5 26.a4 a6 27.Nd6 Rd8 
28.Nxb7 Rd7 29.Rxd7 Nxd7 30.Kf1 Rc2 31.Rb1 Nc5 32.Nxc5 Rxc5 33.b4 Rc7 34.
Ke1 Kf6 35.Kd2 Ke5 36.Kd3 Kd6 37.f4 Rc4 38.b5 axb5 39.Rxb5 Kc6 40.Ra5 Kb7 
41.Rb5+ 1/2-1/2

[Event "POL-chT2"]
[Site "Jastrzebia Gora POL"]
[Date "2016.09.??"]
[Round "2.27"]
[White "Mulet, Piotr"]
[Black "Flis, Jacek"]
[Result "1-0"]
[WhiteElo "2234"]
[BlackElo "2262"]
[EventDate "2016.09.05"]

1.e4 c6 2.Nc3 d5 3.Nf3 Bg4 4.Be2 e6 5.O-O Nd7 6.d4 dxe4 7.Nxe4 Ngf6 8.h3 
Bf5 9.Ng3 Bg6 10.Nh4 Bd6 11.Nxg6 hxg6 12.Qd3 Qc7 13.Ne4 Nxe4 14.Qxe4 Nf6 
15.Qf3 O-O-O 16.c4 Qd7 17.Rd1 Bc7 18.Bf1 e5 19.d5 cxd5 20.cxd5 e4 21.Qb3 
Kb8 22.a4 Bd6 23.a5 Qe7 24.Be3 Ng4 25.Bd4 Bh2+ 26.Kh1 Be5 27.a6 Bxd4 28.
Qg3+ Qe5 29.Qxg4 bxa6 30.Rxa6 Bb6 31.Ra4 f5 32.Qxg6 Rh6 33.Qf7 Rhd6 34.Bc4
Bxf2 35.Rf1 e3 36.Qxa7+ Kc8 37.Ba6+ Rxa6 38.Rc4+ 1-0

[Event "POL-chT2"]
[Site "Jastrzebia Gora POL"]
[Date "2016.09.??"]
[Round "2.28"]
[White "Paszewski, Mateusz"]
[Black "Raszka, Janusz"]
[Result "1/2-1/2"]
[WhiteElo "2293"]
[BlackElo "2119"]
[EventDate "2016.09.05"]

1.c4 c5 2.g3 Nf6 3.Nc3 d5 4.cxd5 Nxd5 5.Nxd5 Qxd5 6.Nf3 e5 7.d3 Be7 8.Bg2 
O-O 9.O-O Nc6 10.Be3 Qd6 11.Nd2 Nd4 12.Nc4 Qe6 13.Re1 f6 14.Bxd4 cxd4 15.
Qb3 Rb8 16.Rec1 Bd7 17.Na5 Qxb3 18.axb3 Bc8 19.Bd5+ Kh8 20.Bxb7 Bxb7 21.
Rc7 Bd8 22.Rxb7 Bxa5 23.Rxb8 Rxb8 24.Rxa5 Rb7 25.f4 exf4 26.gxf4 Kg8 27.
Kf2 Kf7 28.Rd5 Rxb3 29.Rxd4 Ke6 30.Ra4 Rb7 31.Kf3 f5 32.Ra6+ Kd5 33.Ra5+ 
Ke6 34.Ra6+ Kd5 35.Ra5+ Ke6 36.h4 g6 37.Ra6+ Kf7 38.e4 fxe4+ 39.Kxe4 h6 
40.d4 Rxb2 41.Rxa7+ Kf6 42.Ra6+ Kg7 43.d5 Re2+ 44.Kf3 Rd2 45.Rd6 Rd3+ 46.
Ke4 Rh3 47.Ke5 Re3+ 48.Kd4 Rh3 49.Ra6 Rxh4 50.Ke5 Rh5+ 51.Ke6 Rf5 52.Ra7+ 
Kf8 53.Ra4 Kg7 54.Ra7+ Kf8 55.Ra4 Kg7 56.d6 Rf6+ 57.Ke5 Rf5+ 58.Ke6 Rf6+ 
59.Kd5 Kf7 60.Ra7+ Ke8 61.Ke5 Rf7 62.Ra4 Kd7 63.Ra7+ Ke8 64.Ra8+ Kd7 65.
Ra7+ 1/2-1/2

[Event "POL-chT2"]
[Site "Jastrzebia Gora POL"]
[Date "2016.09.??"]
[Round "2.29"]
[White "Sapeta, Robert"]
[Black "Tomaszewski, Roman"]
[Result "1/2-1/2"]
[WhiteElo "2082"]
[BlackElo "2315"]
[EventDate "2016.09.05"]

1.e4 c6 2.d4 d5 3.e5 c5 4.dxc5 Nc6 5.Bb5 e6 6.Nf3 Bxc5 7.O-O Ne7 8.c3 Bd7 
9.Bd3 Qc7 10.b4 Bb6 11.Re1 Ng6 12.Qe2 O-O 13.b5 Nce7 14.Nd4 Nf5 15.Nb3 f6 
16.exf6 Rxf6 17.Bxf5 Rxf5 18.Be3 Bxe3 19.Qxe3 Re5 20.Qd2 Bxb5 21.Na3 Bd7 
22.Rxe5 Nxe5 23.Re1 Ng4 24.f4 Nf6 25.Nd4 Ne4 26.Qe3 Qxc3 27.Qxc3 Nxc3 28.
Nxe6 Re8 29.f5 Nxa2 30.Ra1 Nc3 31.Nc5 Bc6 32.Nc2 a6 33.Ne6 Bd7 34.Ncd4 Nb5
35.Nxb5 Bxb5 36.Nc7 Rd8 37.Nxb5 axb5 38.Kf2 Kf7 39.Rb1 Kf6 40.Rxb5 Rd7 41.
g4 Ke5 42.Ke3 Rc7 43.Rb6 Rc3+ 44.Kd2 Rh3 45.Rxb7 Rxh2+ 46.Kd3 Rh3+ 47.Ke2 
Kf6 48.Kf2 d4 49.Rd7 d3 50.Kg2 Re3 51.Kf2 Re2+ 52.Kf3 Rd2 53.Kf4 h6 54.
Rd6+ Ke7 55.Rd4 Rd1 56.Ke3 Kf6 57.Rd6+ Kf7 1/2-1/2

[Event "POL-chT2"]
[Site "Jastrzebia Gora POL"]
[Date "2016.09.??"]
[Round "2.30"]
[White "Lach, Aleksandra"]
[Black "Mareckova, Martina"]
[Result "1-0"]
[WhiteElo "2163"]
[BlackElo "2137"]
[EventDate "2016.09.05"]

1.f4 Nf6 2.Nf3 d5 3.g3 c5 4.Bg2 Nc6 5.d3 e6 6.O-O Be7 7.c3 O-O 8.Qc2 Qc7 
9.e4 dxe4 10.dxe4 b6 11.Re1 Bb7 12.Na3 a6 13.e5 Nd5 14.f5 exf5 15.Qxf5 Nd8
16.Nd2 Ne6 17.h4 Rfe8 18.Be4 g6 19.Qf3 Qxe5 20.Ndc4 Qh5 21.Qxh5 gxh5 22.
Bxd5 Bxd5 23.Nxb6 Rad8 24.Nxd5 Rxd5 25.Nc4 Red8 26.Be3 Bf6 27.Rf1 Be7 28.
Bh6 Bf8 29.Bxf8 Kxf8 30.Kg2 Kg7 31.Rae1 R8d7 32.Kh3 Rb7 33.Rf3 a5 34.b3 
Ra7 35.Ref1 Rdd7 36.R1f2 Rdc7 37.Nd6 Rd7 38.Ne8+ Kh8 39.Nf6 Rd8 40.Nxh5 
Rdd7 41.Nf6 Rdb7 42.Ne4 Kg7 43.Nd6 Rd7 44.Ne8+ Kh8 45.Rf6 Nc7 46.Rxf7 Nxe8
47.Rf8+ Kg7 48.Rxe8 Rd3 49.Re5 1-0

[Event "POL-chT2"]
[Site "Jastrzebia Gora POL"]
[Date "2016.09.??"]
[Round "3.1"]
[White "Ponizil, Cyril"]
[Black "Pakleza, Zbigniew"]
[Result "1/2-1/2"]
[WhiteElo "2462"]
[BlackElo "2520"]
[EventDate "2016.09.05"]

1.e4 d6 2.d4 Nf6 3.Nc3 e5 4.Nf3 Nbd7 5.Bc4 Be7 6.O-O O-O 7.Re1 c6 8.a4 a5 
9.h3 h6 10.Be3 Re8 11.Ba2 Qc7 12.Nh4 Nf8 13.Qf3 Be6 14.Nf5 Ng6 15.Qg3 Nh5 
16.Qg4 Nf6 17.Qg3 Nh5 18.Qg4 Nf6 19.Qg3 1/2-1/2

[Event "POL-chT2"]
[Site "Jastrzebia Gora POL"]
[Date "2016.09.??"]
[Round "3.2"]
[White "Jakubiec, Artur"]
[Black "Piesik, Piotr"]
[Result "1/2-1/2"]
[WhiteElo "2523"]
[BlackElo "2278"]
[EventDate "2016.09.05"]

1.g3 Nf6 2.Bg2 d5 3.Nf3 g6 4.O-O Bg7 5.d4 O-O 6.c4 c6 7.Ne5 dxc4 8.Na3 Ng4
9.Naxc4 Nxe5 10.Nxe5 Nd7 11.Nf3 Nf6 12.Bf4 Be6 13.Be5 Bd5 14.Qd3 Be4 15.
Qa3 Nd5 16.Bxg7 Kxg7 17.Rfc1 Qb6 18.Rc4 Rfd8 19.Ne5 Bxg2 20.Kxg2 Qc7 21.
Qb3 Qb6 22.Qa3 Qc7 23.Rd1 Rd6 24.Rcc1 Nf6 25.Qb3 e6 26.e3 Rd5 27.Nd3 Rad8 
28.Qc2 Qe7 29.h3 Kg8 30.a4 a5 31.Qb3 Qc7 32.Ne5 c5 33.Nd3 b6 34.dxc5 bxc5 
35.Nf4 Rxd1 36.Rxd1 Rxd1 37.Qxd1 e5 38.Nd3 c4 39.Ne1 Qb7+ 40.Qf3 Ne4 41.g4
Kg7 42.h4 h6 43.Kg1 Qd5 44.g5 hxg5 45.hxg5 f5 46.gxf6+ Nxf6 47.Qe2 Nd7 48.
Qc2 Nc5 49.f3 Nd3 50.Ng2 Qxf3 51.Qxc4 Qf2+ 52.Kh1 Ne1 53.Nxe1 Qxe1+ 54.Kg2
Qxe3 55.Qc7+ Kh6 56.Qxa5 Qe2+ 57.Kg3 Qxb2 58.Qb5 Qc3+ 59.Kf2 Qd4+ 60.Ke2 
e4 61.Qb3 Qe5 62.Qe3+ g5 63.a5 Qb5+ 64.Kf2 Qf5+ 65.Kg2 Qxa5 66.Qxe4 Qd2+ 
67.Kg3 Qd6+ 68.Kg4 Qd7+ 69.Kg3 Qd6+ 1/2-1/2

[Event "POL-chT2"]
[Site "Jastrzebia Gora POL"]
[Date "2016.09.??"]
[Round "3.3"]
[White "Flis, Jacek"]
[Black "Weichhold, Pawel"]
[Result "1-0"]
[WhiteElo "2262"]
[BlackElo "2415"]
[EventDate "2016.09.05"]

1.g3 Nf6 2.Bg2 g6 3.e4 d6 4.d4 Bg7 5.Nc3 O-O 6.Nge2 c6 7.O-O a5 8.a4 Na6 
9.h3 e5 10.Be3 Nb4 11.Qd2 Re8 12.Rac1 Be6 13.b3 Qe7 14.Bg5 Qc7 15.Bh6 Bh8 
16.Bg5 Rac8 17.Kh1 Qb6 18.Be3 Qa6 19.f4 exd4 20.Nxd4 Bd7 21.Rce1 d5 22.e5 
Nh5 23.Nde2 Rcd8 24.g4 Ng7 25.Bf2 Rf8 26.Bc5 Rfe8 27.Bf2 Rf8 28.Bh4 Rc8 
29.Ng3 h6 30.Be7 Rfe8 31.Bf6 Kh7 32.f5 g5 33.Rf2 Qb6 34.Rfe2 Qc7 35.Kh2 
Rf8 36.Nd1 Rce8 37.c3 Na6 38.Nf2 Bc8 39.h4 gxh4 40.Bxh4 Nc5 41.f6 1-0

[Event "POL-chT2"]
[Site "Jastrzebia Gora POL"]
[Date "2016.09.??"]
[Round "3.4"]
[White "Gazik, Viktor"]
[Black "Paszewski, Mateusz"]
[Result "1-0"]
[WhiteElo "2431"]
[BlackElo "2293"]
[EventDate "2016.09.05"]

1.Nf3 c5 2.g3 g6 3.Bg2 Bg7 4.O-O Nc6 5.d3 d6 6.e4 Nf6 7.c3 O-O 8.Re1 Nd7 
9.Be3 Rb8 10.a4 a6 11.d4 Qc7 12.Nbd2 b5 13.axb5 axb5 14.h4 b4 15.Qc2 Bb7 
16.Bh3 bxc3 17.bxc3 e6 18.Rec1 Ne7 19.Ng5 h6 20.Ngf3 Kh8 21.Bg2 f5 22.Re1 
Rbc8 23.Rac1 Rce8 24.Qb1 Rb8 25.Qc2 Rbe8 26.Qb1 Rb8 27.Qd3 Rbe8 28.Rb1 Ba8
29.Ra1 Rd8 30.exf5 Nxf5 31.g4 Ne7 32.Re2 e5 33.dxc5 dxc5 34.Qc2 Nb6 35.Ne4
Nc4 36.Bc1 Nd6 37.Nfd2 Nxe4 38.Nxe4 Nd5 39.Ra6 Qf7 40.h5 gxh5 41.Bxh6 Nf4 
42.Bxf4 Qxf4 43.gxh5 Rf7 44.Rg6 Rfd7 45.Ng3 Rd2 46.Qb3 Bxg2 47.h6 Bxh6 48.
Rxd2 Qxd2 49.Qe6 Bg7 50.Rxg7 Qd1+ 51.Kxg2 Qd5+ 52.Qxd5 Rxd5 53.Rc7 1-0

[Event "POL-chT2"]
[Site "Jastrzebia Gora POL"]
[Date "2016.09.??"]
[Round "3.5"]
[White "Tomaszewski, Roman"]
[Black "Panczyk, Krzysztof"]
[Result "1-0"]
[WhiteElo "2315"]
[BlackElo "2361"]
[EventDate "2016.09.05"]

1.f4 d5 2.Nf3 g6 3.g3 Bg7 4.Bg2 Nf6 5.O-O O-O 6.c3 b6 7.d3 Bb7 8.Re1 Nbd7 
9.Nbd2 Re8 10.d4 c5 11.e3 Rc8 12.b3 cxd4 13.cxd4 Qc7 14.Ba3 Qc3 15.Rc1 Qa5
16.Rxc8 Rxc8 17.Bxe7 Qxa2 18.Qa1 Qxa1 19.Rxa1 a5 20.b4 Ng4 21.bxa5 bxa5 
22.Bh3 f5 23.Bxg4 fxg4 24.Ne5 Nxe5 25.dxe5 Rc2 26.Nb3 d4 27.Nxd4 Rg2+ 28.
Kf1 Rxh2 29.Rxa5 Rh1+ 30.Kf2 Rh2+ 31.Ke1 Rg2 32.Rb5 Be4 33.Rb8+ Kf7 34.Bg5
Bf8 35.e6+ Kg7 36.e7 Bxe7 37.Bxe7 Rxg3 38.Kf2 Rg2+ 39.Kf1 Kf7 40.Bh4 Ra2 
41.Rc8 Ra1+ 42.Kf2 Ra2+ 43.Ke1 Ra1+ 44.Kd2 Ra2+ 45.Nc2 h5 46.Rc4 Bd5 47.
Rb4 Ke6 48.e4 Bc6 49.Kd3 Kd6 50.e5+ Kd7 51.Rd4+ Ke8 52.Rd8+ Kf7 53.e6+ 
Kxe6 54.Nd4+ Kf7 55.Nxc6 g3 56.Rd6 g2 57.Ne5+ Kf8 58.Nc6 g5 59.Bxg5 Kf7 
60.Ne5+ Kf8 61.Nf3 Ra3+ 62.Ke2 Rxf3 63.Rd1 1-0

[Event "POL-chT2"]
[Site "Jastrzebia Gora POL"]
[Date "2016.09.??"]
[Round "3.6"]
[White "Gazikova, Veronika"]
[Black "Lach, Aleksandra"]
[Result "1-0"]
[WhiteElo "2231"]
[BlackElo "2163"]
[EventDate "2016.09.05"]

1.e4 e6 2.d4 d5 3.Nd2 Nf6 4.e5 Nfd7 5.Bd3 c5 6.c3 Nc6 7.Ne2 cxd4 8.cxd4 f6
9.exf6 Nxf6 10.O-O Bd6 11.Nf3 O-O 12.Bf4 Bxf4 13.Nxf4 Ng4 14.Ne2 Qd6 15.
Ng3 e5 16.dxe5 Ncxe5 17.Nxe5 Nxe5 18.Bc2 Ng4 19.h3 Nf6 20.Qd3 g6 21.Rfe1 
Bd7 22.Bb3 Bc6 23.Rad1 Rad8 24.Qd4 a5 25.Ne2 Ne8 26.Nc3 Nc7 27.Re5 Rf5 28.
Rxf5 gxf5 29.Re1 Qb4 30.Qf6 Qf8 31.Qg5+ Kh8 32.Re5 h6 33.Qg6 Rd6 34.Qh5 d4
35.Rxf5 Qg7 36.Nd5 Ne6 37.Rf6 Bxd5 38.Qe8+ Nf8 39.Rxf8+ Kh7 40.Bc2+ Rg6 
41.Rh8+ 1-0

[Event "POL-chT2"]
[Site "Jastrzebia Gora POL"]
[Date "2016.09.??"]
[Round "3.7"]
[White "Simacek, Pavel"]
[Black "Kolago, Marcin"]
[Result "1/2-1/2"]
[WhiteElo "2448"]
[BlackElo "2328"]
[EventDate "2016.09.05"]

1.e4 d5 2.exd5 Qxd5 3.Nc3 Qa5 4.d4 Nf6 5.Nf3 c6 6.Bd2 Qc7 7.Bc4 Bf5 8.Ne5 
e6 9.Qe2 Nbd7 10.O-O-O h5 11.Rhe1 Nxe5 12.dxe5 Nd5 13.Nxd5 exd5 14.Bd3 Be6
15.h3 g6 16.f4 Bc5 17.g4 hxg4 18.hxg4 Qd7 19.f5 gxf5 20.gxf5 Bxf5 21.Bg5 
Be7 22.Bxe7 Bxd3 23.Rxd3 Qxe7 24.Rf3 Rh4 25.Qf2 Re4 26.Rf1 Qxe5 27.Rf5 Qd4
28.Qxd4 Rxd4 29.Re5+ Kd7 30.c3 Ra4 31.Rxf7+ Kd6 32.Ree7 Rxa2 33.Rxb7 Re8 
34.Rxa7 Rxa7 35.Rxa7 Kc5 36.Kd2 d4 37.cxd4+ Kxd4 38.Ra4+ Kc5 39.Rh4 Re5 
40.Kc3 Re3+ 41.Kd2 1/2-1/2

[Event "POL-chT2"]
[Site "Jastrzebia Gora POL"]
[Date "2016.09.??"]
[Round "3.8"]
[White "Wiewiora, Eneasz"]
[Black "Sieciechowicz, Marcin"]
[Result "1-0"]
[WhiteElo "2253"]
[BlackElo "2457"]
[EventDate "2016.09.05"]

1.Nf3 Nf6 2.c4 g6 3.Nc3 d5 4.cxd5 Nxd5 5.Qa4+ c6 6.Nxd5 Qxd5 7.e4 Qd8 8.d4
Nd7 9.Be2 Nb6 10.Qc2 Bg4 11.Be3 Bg7 12.Rd1 O-O 13.O-O Rc8 14.h3 Bxf3 15.
Bxf3 Qc7 16.Rc1 Qd7 17.Rfd1 f5 18.Qb3+ Kh8 19.d5 cxd5 20.exd5 Qd6 21.Bd2 
Be5 22.Bb4 Qf6 23.Qe3 Nc4 24.Qxa7 Nxb2 25.Qxb7 Rb8 26.Qxe7 Nxd1 27.Rxd1 
Rfc8 28.a3 Qxe7 29.Bxe7 Kg7 30.d6 Rh8 31.d7 Bf6 32.Bxf6+ Kxf6 33.Bc6 Rb6 
34.d8=Q+ Rxd8 35.Rxd8 Rxc6 36.Rd1 Ra6 37.Rd3 Rb6 38.g3 Rb1+ 39.Kg2 Ra1 40.
h4 h6 41.Rd6+ Kg7 42.Ra6 g5 43.h5 g4 44.a4 Kf7 45.a5 Ra4 46.Kf1 f4 47.gxf4
Rxf4 48.Kg2 Rf5 49.Kg3 Rxh5 50.Kxg4 Rb5 51.Ra8 Rb4+ 52.Kg3 Rb3+ 53.Kg2 Kg6
54.a6 Kh5 55.a7 Ra3 56.f4 Kh4 57.f5 Rg3+ 58.Kf2 Rg7 59.Kf3 Kg5 60.f6 1-0

[Event "POL-chT2"]
[Site "Jastrzebia Gora POL"]
[Date "2016.09.??"]
[Round "3.9"]
[White "Sabuk, Piotr"]
[Black "Mulet, Piotr"]
[Result "1-0"]
[WhiteElo "2333"]
[BlackElo "2234"]
[EventDate "2016.09.05"]

1.Nf3 Nf6 2.c4 g6 3.Nc3 c5 4.e4 Nc6 5.d4 cxd4 6.Nxd4 d6 7.f3 Qb6 8.Be3 Qd8
9.c5 Bg7 10.cxd6 Qxd6 11.Nxc6 Qxd1+ 12.Rxd1 bxc6 13.Na4 Nd7 14.Kf2 O-O 15.
Bd4 Ne5 16.Be2 f5 17.Nc5 fxe4 18.Nxe4 Bf5 19.Nc5 Rad8 20.Be3 Rb8 21.Rd2 
Bc8 22.h3 Nf7 23.b3 Nd6 24.g4 Bc3 25.Rc2 Bb4 26.Kg2 a5 27.Rd1 h5 28.Rd4 
Rf6 29.Bg5 Rf7 30.Bd3 hxg4 31.hxg4 Kg7 32.Bxe7 Nb5 33.Re4 Nc3 34.Re5 Nd5 
35.Bg5 Bc3 36.Rxd5 cxd5 37.Rxc3 Rb4 38.Kg3 d4 39.Rc1 Bb7 40.Nxb7 Rbxb7 41.
Rc6 Rbc7 42.Rxg6+ 1-0

[Event "POL-chT2"]
[Site "Jastrzebia Gora POL"]
[Date "2016.09.??"]
[Round "3.10"]
[White "Raszka, Janusz"]
[Black "Dlugosz, Jedrzej"]
[Result "0-1"]
[WhiteElo "2119"]
[BlackElo "2363"]
[EventDate "2016.09.05"]

1.e4 g6 2.d4 Bg7 3.c4 d6 4.Nc3 Nf6 5.f4 O-O 6.Nf3 c5 7.dxc5 Qa5 8.Bd3 Qxc5
9.Qe2 Bg4 10.Be3 Qa5 11.O-O Nc6 12.a3 Nd7 13.b4 Qd8 14.Rac1 a5 15.b5 Nd4 
16.Qe1 Nc5 17.Bb1 Nxf3+ 18.gxf3 Be6 19.Rd1 Bxc4 20.Bxc5 Bxf1 21.Kxf1 Bxc3 
22.Qxc3 Rc8 0-1

[Event "POL-chT2"]
[Site "Jastrzebia Gora POL"]
[Date "2016.09.??"]
[Round "3.11"]
[White "Kanicki, Krzysztof"]
[Black "Sapeta, Robert"]
[Result "0-1"]
[WhiteElo "2172"]
[BlackElo "2082"]
[EventDate "2016.09.05"]

1.e4 g6 2.d4 c5 3.dxc5 Qa5+ 4.Nc3 Bg7 5.Bd2 Qxc5 6.Nf3 Nf6 7.Bd3 O-O 8.O-O
d6 9.h3 a6 10.b4 Qc7 11.Qe2 Nbd7 12.Rac1 Ne5 13.Nd5 Nxd5 14.exd5 Nxd3 15.
cxd3 Qd7 16.Bc3 e5 17.d4 f6 18.dxe5 fxe5 19.Ng5 Qd8 20.Ne6 Bxe6 21.dxe6 
Qe7 22.Qc4 Rae8 23.Bd2 Qxe6 24.Qxe6+ Rxe6 25.Rc7 d5 26.Rxb7 Rc6 27.b5 axb5
28.Rxb5 d4 29.Rc1 Rxc1+ 30.Bxc1 Rc8 31.Bb2 e4 32.Kf1 d3 33.Ke1 Bh6 34.Rd5 
Rb8 35.Bd4 Rb1# 0-1

[Event "POL-chT2"]
[Site "Jastrzebia Gora POL"]
[Date "2016.09.??"]
[Round "3.12"]
[White "Mareckova, Martina"]
[Black "Poznanska, Katarzyna"]
[Result "1/2-1/2"]
[WhiteElo "2137"]
[BlackElo "2106"]
[EventDate "2016.09.05"]

1.e4 c5 2.Nc3 d6 3.g3 Nc6 4.Bg2 g6 5.d3 Bg7 6.Be3 e6 7.Qd2 Nd4 8.Nd1 h5 9.
c3 Nc6 10.h3 Nge7 11.f4 Qa5 12.Nf3 d5 13.Bf2 d4 14.cxd4 Qxd2+ 15.Kxd2 Bxd4
16.Nxd4 Nxd4 17.Rc1 b6 18.Bxd4 cxd4 19.Rc4 h4 20.g4 e5 21.fxe5 Be6 22.Rxd4
Nc6 23.Ra4 Nxe5 24.Ne3 a5 25.b4 O-O 26.bxa5 Rxa5 27.Rxa5 bxa5 28.Rc1 Rd8 
29.Nd5 f5 30.gxf5 gxf5 31.Rc5 Bxd5 32.Rxd5 Rxd5 33.exd5 Kf7 34.Ke3 Ke7 35.
Bf1 Kd6 36.d4 Nd7 37.Bg2 Nf6 38.Kf4 Nxd5+ 39.Bxd5 Kxd5 40.Kxf5 Kxd4 41.Kg4
a4 42.Kxh4 a3 43.Kg4 Kc3 44.h4 Kb2 45.h5 Kxa2 46.h6 Kb1 47.h7 a2 48.h8=Q 
a1=Q 49.Kg3 1/2-1/2

[Event "POL-chT2"]
[Site "Jastrzebia Gora POL"]
[Date "2016.09.??"]
[Round "3.13"]
[White "Szwed, Jacek"]
[Black "Cyborowski, Lukasz"]
[Result "1-0"]
[WhiteElo "2330"]
[BlackElo "2530"]
[EventDate "2016.09.05"]

1.e4 c6 2.d4 d5 3.Nc3 a6 4.g3 dxe4 5.Nxe4 Bf5 6.Bg2 Nd7 7.Ne2 Ngf6 8.Nxf6+
Nxf6 9.O-O e6 10.c4 Bd6 11.Qb3 Rb8 12.a4 O-O 13.a5 Bc7 14.Qa3 Bg4 15.f3 
Bf5 16.Be3 Bd6 17.Qc3 Qe7 18.Bf4 Rbd8 19.Bxd6 Rxd6 20.b4 Rfd8 21.f4 Bg4 
22.Bf3 Ne4 23.Qe3 Bxf3 24.Rxf3 f5 25.Rff1 Qf6 26.Rfd1 h6 27.Kg2 R6d7 28.
Rf1 Qe7 29.Rab1 Kh8 30.Rfd1 Qf6 31.Rf1 h5 32.Rbd1 Qe7 33.Rb1 Qf6 34.Rbd1 
Qg6 35.Ng1 e5 36.fxe5 Qe6 37.Ne2 g6 38.Nf4 Qxc4 39.Nxg6+ Kh7 40.Nh4 Rxd4 
41.Nxf5 Rd2+ 42.Kg1 1-0

[Event "POL-chT2"]
[Site "Jastrzebia Gora POL"]
[Date "2016.09.??"]
[Round "3.14"]
[White "Nurkiewicz, Maciej"]
[Black "Adamowicz, Katarzyna"]
[Result "1-0"]
[WhiteElo "2373"]
[BlackElo "2167"]
[EventDate "2016.09.05"]

1.d4 Nf6 2.c4 g6 3.Nc3 Bg7 4.e4 O-O 5.Nf3 d6 6.Be2 e5 7.O-O Nc6 8.d5 Ne7 
9.b4 a5 10.Ba3 axb4 11.Bxb4 Nd7 12.a4 h6 13.Nd2 f5 14.Nb5 Nf6 15.Bd3 Ne8 
16.Qb3 Kh8 17.c5 dxc5 18.Bxc5 f4 19.Qa3 Rf7 20.Bc4 Ng8 21.Nf3 Bd7 22.Qb2 
Qf6 23.d6 Be6 24.Bxe6 Qxe6 25.Rfd1 cxd6 26.Bxd6 Rd7 27.Bxe5 Rxa4 28.Bxg7+ 
Nxg7 29.Rxd7 Rxa1+ 30.Qxa1 Qxd7 31.Nbd4 Kh7 32.Qc1 Nh5 33.Qc4 Ng7 34.h3 
Nf6 35.e5 Nd5 36.Nd2 Ne6 37.Ne4 Kg7 38.Nxe6+ Qxe6 39.Nc3 Qc6 40.Qxd5 Qxc3 
41.Qd7+ Kf8 42.Qd8+ Kf7 43.Qf6+ Ke8 44.Qxg6+ Kd7 45.Qd6+ Ke8 46.Qe6+ Kd8 
47.Qf6+ Ke8 48.Qxf4 b5 49.e6 Qe1+ 50.Kh2 Qxe6 51.Qb8+ Kf7 52.Qxb5 Qd6+ 53.
g3 Kg7 54.Qf5 Kg8 55.h4 Kg7 56.h5 Qd2 57.Kh3 Qc1 58.Qg4+ Kh8 59.Qd4+ Kg8 
60.Qd5+ Kh7 61.f4 Qf1+ 62.Kh4 Qf2 63.Qf7+ Kh8 64.Qf6+ Kg8 65.Qg6+ Kh8 66.
Qxh6+ Kg8 67.Qe6+ Kh8 68.h6 Kh7 69.Qf6 Qh2+ 70.Kg4 Qe2+ 71.Kg5 1-0

[Event "POL-chT2"]
[Site "Jastrzebia Gora POL"]
[Date "2016.09.??"]
[Round "3.15"]
[White "Lach, Piotr"]
[Black "Protaziuk, Grzegorz"]
[Result "1/2-1/2"]
[WhiteElo "2128"]
[BlackElo "2349"]
[EventDate "2016.09.05"]

1.e4 c5 2.Nf3 e6 3.d4 cxd4 4.Nxd4 a6 5.Bd3 Bc5 6.Nb3 Be7 7.O-O d6 8.Kh1 
Nf6 9.f4 Qc7 10.N1d2 Nc6 11.Nf3 e5 12.f5 1/2-1/2

[Event "POL-chT2"]
[Site "Jastrzebia Gora POL"]
[Date "2016.09.??"]
[Round "3.17"]
[White "Stanach, Fabian"]
[Black "Szewczak, Anna"]
[Result "1/2-1/2"]
[WhiteElo "2058"]
[BlackElo "2083"]
[EventDate "2016.09.05"]

1.Nf3 Nf6 2.c4 c5 3.g3 g6 4.b3 Bg7 5.Bb2 O-O 6.Bg2 Nc6 7.O-O d6 8.d3 Be6 
9.Nbd2 Rc8 10.Rc1 Qd7 11.Re1 Rfd8 12.a3 b6 13.Rc2 d5 14.Ne5 Nxe5 15.Bxe5 
d4 16.Rb2 Bh3 17.Bf3 Qf5 18.Bxf6 Bxf6 19.b4 e5 20.Qa4 Rd7 21.Qa6 Rdc7 22.
bxc5 bxc5 23.Reb1 Qe6 24.Qa5 Bd8 25.Bd5 Qd7 26.Qa6 Be6 27.Bxe6 Qxe6 28.
Qxe6 fxe6 29.Rb7 Kf7 30.Ne4 Be7 31.a4 Ke8 32.Kg2 Kd7 33.R7b5 a6 34.R5b3 
Rc6 35.h4 h5 36.Rb7+ R6c7 37.R7b6 Rc6 38.Rb7+ R6c7 39.Nd2 Rxb7 40.Rxb7+ 
Rc7 41.Rxc7+ Kxc7 42.Kf3 Kd6 43.Ke4 Bf6 44.Nf3 Bg7 45.Nd2 Bf6 46.Kf3 Be7 
47.Ke4 Bf6 48.Nb3 Bd8 49.Kf3 Kc6 50.Ke4 Kd6 51.Kf3 Kc6 52.Ke4 1/2-1/2

[Event "POL-chT2"]
[Site "Jastrzebia Gora POL"]
[Date "2016.09.??"]
[Round "3.18"]
[White "Bartel, Marta"]
[Black "Chrzaszcz, Malvina"]
[Result "1-0"]
[WhiteElo "2330"]
[BlackElo "2039"]
[EventDate "2016.09.05"]

1.d4 Nf6 2.c4 e6 3.Nc3 Bb4 4.Nf3 O-O 5.Bg5 h6 6.Bh4 c5 7.e3 cxd4 8.Nxd4 
Nc6 9.Be2 a6 10.O-O Bxc3 11.bxc3 g5 12.Bg3 Ne4 13.Qc2 f5 14.Rfd1 Nxg3 15.
hxg3 Ne5 16.Nxe6 Qf6 17.Nxf8 Kxf8 18.c5 1-0

[Event "POL-chT2"]
[Site "Jastrzebia Gora POL"]
[Date "2016.09.??"]
[Round "3.19"]
[White "Praszak, Michal"]
[Black "Skawinski, Arkadiusz"]
[Result "0-1"]
[WhiteElo "2140"]
[BlackElo "2340"]
[EventDate "2016.09.05"]

1.d4 d5 2.c4 c6 3.Nc3 Nf6 4.cxd5 cxd5 5.Bf4 Nc6 6.e3 a6 7.Bd3 b5 8.Nf3 Bb7
9.h3 e6 10.O-O Rc8 11.Rc1 Be7 12.Qe2 Qa5 13.Nd2 Qb6 14.Nb3 O-O 15.a4 Nb4 
16.Bb1 Ne4 17.axb5 axb5 18.Rfd1 Nxc3 19.bxc3 Nc6 20.e4 Na5 21.Nd2 Ba3 22.
Rc2 Nc4 23.Ra2 Be7 24.e5 b4 25.Qd3 g6 26.cxb4 Qxb4 27.Nb3 Ra8 28.Bd2 Qb6 
29.Qc3 Nxd2 30.Nxd2 Rxa2 31.Bxa2 Bb4 32.Qb2 Qa5 33.Nf3 Ba6 34.Bb3 Bc3 35.
Qc1 Be2 36.Qh6 Bxf3 37.gxf3 Qb4 38.Bc2 Bxd4 39.Qh4 Bc5 40.Qg3 Qc3 41.Bd3 
Rb8 42.f4 Rb2 43.Qg5 Bxf2+ 44.Kh1 Bc5 45.Ra1 Bf8 46.Bf1 Rf2 47.Bg2 Qxa1+ 
0-1